Responses for show #5213 - Wednesday, April 18, 2007

Contestants

[<< previous game]

Ann Cole, a retired medical technologist from Albuquerque, New Mexico

Daniel Pollack-Pelzner, a grad student from Cambridge, Massachusetts

Tricia McKinney, a TV news writer from Secaucus, New Jersey (whose 2-day cash winnings total $33,300)

[next game >>]

Jeopardy! Round responses

WORLD CITIES
CLASSIC TV CATCHPHRASES
MISSING BODY PARTS
(Alex: You have to name the part for us.)
THE WIT & WISDOM OF PUDD'NHEAD WILSON
"Q"ING UP
ELLEN
    $200 11
Tijuana

Ann
    $200 1
Mr. T

Tricia
    $200 6
a hand

Tricia
    $200 26
Adam

Daniel
    $200 16
a quilt

Daniel
    $200 21
Ellen DeGeneres

Tricia
    $400 12
Vienna

Daniel
    $400 2
Jeff Probst

Tricia
    $400 7
a brain

Tricia
    $400 27
breath

Tricia
    $400 17
quartz

Daniel
    $400 22
Ellen Pompeo

Daniel
    $600 13
Calcutta

Ann
    $600 3
Fred Flintstone

Tricia
    $600 8
a head

Tricia
    $600 28
watch that basket

Daniel
    $600 18
quarantine

Daniel
    $600 23
sailing around the world

Ann
    $800 14
(Daniel: What is Paris?)

Orleans

TriciaDaniel
    $800 4
Lurch

Tricia
    $800 9
a leg

Ann
    $2,000 29
blush

Daniel
    $800 19
quid

Ann
    $800 24
Ellen Wilson

Ann
    $1000 15
Winnipeg

Daniel
    $1000 5
Dan Aykroyd

Ann
    $1000 10
an arm

Ann
    $1000 30
(Alex: [*], because it freaks people out.)

tell the truth

Triple Stumper
    $1000 20
queening

Ann
    $1000 25
Scripps

Tricia

Scores at the first commercial break (after clue 16):

Tricia Daniel Ann
$4,000 $800 $3,600

Scores at the end of the Jeopardy! Round:

Tricia Daniel Ann
$5,600 $5,000 $6,800

Double Jeopardy! Round responses

ROUTE 66 REVISITED
SCIENCE
1902
LET'S GO SHOPPING
'60s MUSIC
"L" IN...
(Alex: What the [*] certain things is.)
    $400 26
California

Tricia
    $400 16
the spinal column

Tricia
    $400 11
Strom Thurmond

Daniel
    $400 21
(Ann: What is Expedia.com?)

Priceline.com

DanielAnn
    $400 6
"Yellow Submarine"

Tricia
    $400 1
Liberties

Daniel
    $800 27
Albuquerque

Ann
    $800 17
equal and opposite

Daniel
    $800 12
(one of) McCormick or Deering

Ann
    $800 22
a flea market

Daniel
    $800 7
(Ann: What is "Proud Mary"?)

"Bad Moon Rising"

TriciaAnn
    $800 2
Louis

Ann
    $1200 28
Arizona

Tricia
    $2,000 18
plates

Daniel
    $1200 13
Bill Bailey

Tricia
    $1200 23
(Tricia: What is QVC?)

Home Shopping Network

Tricia
Triple Stumper
    $1200 8
Bob Dylan

Ann
    $1200 3
Law

Daniel
    $1600 29
Santa Monica

Triple Stumper
    $1600 19
antiseptic

Daniel
    $1600 14
Henry James

Daniel
    $1600 24
Bloomingdale's

Triple Stumper
    $1600 9
Neil Diamond

Ann
    $2,000 4
(Daniel: What is...)
(Alex: Oh, you're--you're vamping because you don't know.)
(Daniel: What is lymph?)
(Alex: No, it's Lou Gehrig's disease--Amyotrophic [*] Sclerosis.)

Lateral

Daniel
    $2000 30
St. Louis

Daniel
    $2000 20
megaton

Triple Stumper
    $2000 15
Agriculture department

Triple Stumper
    $2000 25
Boston

Daniel
    $2000 10
(Ann: What is "Stay away from [*]"!)
(Alex: [Laughing] You got her. She's the girl.)
[The ruling was reversed at the next Daily Double.]
(Alex: A few moments ago, we were going for the title of the song [*]. You gave us the line. If the line had been correct, we would have accepted it, but you said "Stay away from [*] and the line is "Keep away from [*]".)

"Runaround Sue"

Ann
Triple Stumper
    $2000 5
(Ann: What is local?)
...
(Alex: The "LOC" stands for [*] of Congress.)

Library

Ann
Triple Stumper

Scores at the end of the Double Jeopardy! Round:

Tricia Daniel Ann
$8,800 $16,200 $6,800

[wagering suggestions for these scores]

Final Jeopardy! Round responses

A REAL RENAISSANCE MAN
(Alex: Yes, he had written something of a prediction that seemed to be borne out by the death of the king.)
AnnWho was Zoroaster
$5,399
TriciaWho was Nostradamus?
$8,700
DanielWho is Savonarola?
$1,401
Nostradamus

Final scores:

Tricia Daniel Ann
$17,500 $14,799 $1,401
3-day champion: $50,800 2nd place: $2,000 3rd place: $1,000

Game dynamics:

Coryat scores:

Tricia Daniel Ann
$8,800 $16,200 $6,800
17 R,
1 W
20 R
(including 2 DDs),
2 W
(including 1 DD)
14 R,
4 W

Combined Coryat: $31,800

The J! Archive is created by fans, for fans. The Jeopardy! game show and all elements thereof, including but not limited to copyright and trademark thereto, are the property of Jeopardy Productions, Inc. and are protected under law. This website is not affiliated with, sponsored by, or operated by Jeopardy Productions, Inc. Join the discussion at JBoard.tv.